00837cam a2200169 a 4500008004100000020001500041035001200056050002200068245023800090260007800328300003200406500006700438600005700505650004000562700003300602700003200635041108s1997 sp 000 0 spa u a8489740100 aa44125900aPA2889 bF84 199700aFuentes españolas altomedievales :bel códice emilianense 46 de la Real Academia de la Historia, primer diccionario enciclopédico de la Península Ibérica /cedición y estudio Claudio García Turza, Javier García Turza. aMadrid :bReal Academia de la Historia :bFundación Caja Rioja, c1997. a711 p. :bfacsim. ;c31 cm. aAcompañado del Códice Emilianense 46, edición facsimilar 0aLatín medieval y moderno zEspaña vDiccionarios 0aLatín xDiccionarios vFacsimiles1 aGarcía Turza, Claudio, ed.1 aGarcía Turza, Javier, ed.